Portrait of Paul. (Record no. 5199)

000 -LEADER
fixed length control field 00560nam a2200193 a 4500
001 - CONTROL NUMBER
control field :::00002940$&:&@@
003 - CONTROL NUMBER IDENTIFIER
control field OkBaRHE
005 - DATE AND TIME OF LATEST TRANSACTION
control field 20000607103258.0
008 - FIXED-LENGTH DATA ELEMENTS--GENERAL INFORMATION
fixed length control field s1968 j 000 0 eng u
020 ## - INTERNATIONAL STANDARD BOOK NUMBER
International Standard Book Number 0264655230
040 ## - CATALOGING SOURCE
Transcribing agency
100 1# - MAIN ENTRY--PERSONAL NAME
Personal name Hunt, Ernest William.
245 10 - TITLE STATEMENT
Title Portrait of Paul.
260 ## - PUBLICATION, DISTRIBUTION, ETC. (IMPRINT)
Place of publication, distribution, etc London, UK:EN., :
Name of publisher, distributor, etc A. R. Mowbray
Date of publication, distribution, etc 1968
300 ## - PHYSICAL DESCRIPTION
Extent xiv, 299 p. ;
Dimensions 23 cm.
650 ## - SUBJECT ADDED ENTRY--TOPICAL TERM
Topical term or geographic name as entry element Paul, Apostle, Saint.
942 ## - ADDED ENTRY ELEMENTS (KOHA)
Source of classification or shelving scheme
Koha item type Books
Copies
Withdrawn status Permanent Location Not for loan Current Location Date last seen Copy number Damaged status Full call number Koha item type Price effective from Date acquired Barcode Source of classification or shelving scheme Shelving location Lost status
 RHEMA Bible Training College RHEMA Bible Training College2018-03-081 BS 2506 .H86Books2010-04-142010-04-142940 General StacksMissing